Škoda lásky

Hlavní autor: Vejvoda, Jaromír, 1902-1988
Korporativní autor: Vejvodova kapela
Další autoři: Černá, Svatava, Jadrný, Jaroslav, 1883-, Mottl, Jaroslav, 1900-1986, Zeman, Vašek, 1909-1987, Zíma, Josef, 1932-2025
Jazyk: Čeština
Vydáno: Praha : Panton, p1992
Témata:
Fyzický popis: 1 CD : ADD ; 12 cm + 1 brožura [8 s.].
Zvukové nahrávky
Uloženo v:
LEADER 02091njm a2200613 a 4500
001 000265452
003 CZ BrMZK
005 20210430075547.0
008 010907s1994 xr f cze d
028 0 3 |a 81 1093-2 411  |b Panton 
040 |a BOA001  |b cze 
080 |a 788.085(086.7)  |2 MRF 
100 1 |a Vejvoda, Jaromír,  |d 1902-1988  |7 jn19990209983  |4 cmp 
245 1 0 |a Škoda lásky  |h [zvukový záznam] /  |c Jaromír Vejvoda. 
246 3 3 |a Už je to dávno 
246 3 3 |a Zbraslavská 
246 3 3 |a Zelené háje 
246 3 |a Škoda lásky 
246 3 |a Černý kos 
246 3 3 |a Roll out the Barrels 
246 3 3 |a Rosamunde 
246 3 3 |a Ach, Bože, lásko 
246 3 3 |a Až půjdu od tebe ráno 
246 3 3 |a Jednou, dvakrát 
246 3 3 |a Ještě tu poslední 
246 3 3 |a Já ráda tancuju 
246 3 3 |a Kde jsi mé mládí 
246 3 3 |a Kdyby ty muziky nebyly 
246 3 3 |a Ode zdi ke zdi 
246 3 3 |a Polka modrých očí 
246 3 3 |a Psaníčko po letech 
246 3 3 |a Smál se měsíc 
246 3 3 |a Snubní prstýnek 
246 3 3 |a Ty nemáš srdce 
246 3 3 |a Ty to víš 
260 |a Praha :  |b Panton,  |c p1992 
300 |a 1 CD :  |b ADD ;  |c 12 cm +  |e 1 brožura [8 s.]. 
306 |a 010344 
500 |a Nahr. 1992 
500 |a Durata 63:44 
500 |a Text v brožuře vícejaz. 
505 2 |a Ach bože lásko, Až půjdu od tebe ráno, Jednou, dvakrát ... [et al.] 
511 0 |a Josef Zíma, zpěv; Svatava Černá, zpěv. Vejvodova kapela 
653 0 |a dechový orchestr  |a písně s dechovým orchestrem 
700 1 |a Černá, Svatava  |7 xx0099179  |4 prf 
700 1 |a Jadrný, Jaroslav,  |d 1883-  |7 jk01050604  |4 lyr 
700 1 |a Mottl, Jaroslav,  |d 1900-1986  |7 jk01082158  |4 lyr 
700 1 |a Zeman, Vašek,  |d 1909-1987  |7 jx20040920001  |4 lyr 
700 1 |a Zíma, Josef,  |d 1932-2025  |7 jn19990210845  |4 prf 
710 2 |a Vejvodova kapela  |7 ko2003195549  |4 prf 
910 |a BOA001  |b CD-0000.588 
964 |a Orchestr dechový  |x CD 
990 |a AV 
996 6 |b 261H000599  |c CD-0000.588  |l MZK  |r Sklad / do 24 hodin  |n 0  |w 000265452  |u 000010  |a 1  |e BOA001  |j MZK50  |s P